|
|
|
|
| LEADER |
00000nam a2200000 a 4500 |
| 001 |
vtls008426036 |
| 003 |
SK-MaSNL |
| 005 |
20260301135754.0 |
| 008 |
240318s2005 xo ol e p 000 0 slo |
| 015 |
|
|
|a SNBA2006/03-01332
|
| 020 |
|
|
|a 8010007404
|q (viaz.)
|
| 035 |
|
|
|a 7B34BF31-8EEC-44EB-BA5C-0A0289ACF5C8
|
| 035 |
|
|
|a urn:nbn:sk:snk-amluy7
|
| 035 |
|
|
|a urn:nbn:sk:snk-am00cchv
|
| 040 |
|
|
|a SNK
|b slo
|c SNK
|e AACR2
|
| 041 |
1 |
|
|a slo
|h cze
|
| 044 |
|
|
|a xo
|c SK
|
| 072 |
|
7 |
|a 642
|x Čašníctvo. Servirovanie
|2 konspekt
|
| 080 |
|
|
|a (075.3)
|2 MDT-MRF
|
| 080 |
|
|
|a 642.6/.7
|2 MDT-MRF
|
| 100 |
1 |
|
|a Salač, Gustav
|4 aut
|9 286118
|
| 245 |
1 |
0 |
|a Stolovanie
|c Gustav Salač, Mária Šimková; [z českého originálu preložila: Mária Šimková; ilustrácie: Mário Pavlík]
|n II
|
| 250 |
|
|
|a 1. vyd.
|
| 260 |
|
|
|a Bratislava
|b Slovenské pedagogické nakladateľstvo
|c 2005
|
| 300 |
|
|
|a 119 s.
|b fareb. fotogr., sch., tab.
|c 29 cm
|
| 500 |
|
|
|a Fareb. fotogr. na front.
|
| 504 |
|
|
|a Bibliogr. s. 119. Slovník odb. výrazov. Prehľad platných právnych noriem
|
| 650 |
0 |
7 |
|a stolovanie
|2 SNKPH
|9 58646
|
| 655 |
|
7 |
|a učebnice stredných škôl
|2 SNKPH
|9 69323
|
| 700 |
1 |
|
|a Šimková, Mária
|4 aut
|4 trl
|9 318564
|
| 700 |
1 |
|
|a Pavlík, Mário
|c (ilustrátor)
|4 ill
|9 220807
|
| 919 |
|
|
|a 80-10-00740-4
|
| 968 |
|
|
|b ČES
|d 64
|
| 999 |
|
|
|c 761339
|d 763269
|
| 952 |
|
|
|a SNK
|b SNK
|y PREZ
|7 0
|p 17A0496085
|o snkSB 70051/2
|i snk2006/1602
|8 0
|0 0
|1 0
|4 0
|d 2006-01-25
|f 1
|l 0
|r 2025-04-25 00:00:00
|w 2026-02-24
|
| 952 |
|
|
|a SNK
|b SNK
|y VYP
|7 0
|p 17A0496086
|o snkSB 70051/2 D1
|i snk2006/1603
|8 0
|0 0
|1 0
|4 0
|d 2006-01-25
|l 0
|r 2016-06-30 00:00:00
|w 2026-02-24
|